000 00386nam a2200145Ia 4500
008 230917s9999||||xx |||||||||||||| ||und||
040 _e97249
_aMAIN
041 _aEnglish
082 _a954.5 G151P
100 _aGunda Singh, ed
245 4 _aThe Punjab past and present, v1- part I - II
260 _aPatiala
_bPublication Bureau Punjabi University
300 _a403 p.
942 _cBK
999 _c60306
_d60306